<?xml version="1.0" encoding="UTF-8"?>
<record
    xmlns:xsi="http://www.w3.org/2001/XMLSchema-instance"
    xsi:schemaLocation="http://www.loc.gov/MARC21/slim http://www.loc.gov/standards/marcxml/schema/MARC21slim.xsd"
    xmlns="http://www.loc.gov/MARC21/slim">

  <leader>00573nam a22001931cc4500</leader>
  <controlfield tag="001">a987687955+Band1</controlfield>
  <datafield tag="035" ind1=" " ind2=" ">
    <subfield code="a">a987687955</subfield>
  </datafield>
  <controlfield tag="008">170721s1996    gw ||||        000u rus d</controlfield>
  <datafield tag="020" ind1=" " ind2=" ">
    <subfield code="a">5860040679</subfield>
    <subfield code="9">5-86004-067-9</subfield>
  </datafield>
  <datafield tag="041" ind1=" " ind2=" ">
    <subfield code="a">rus</subfield>
  </datafield>
  <datafield tag="245" ind1="0" ind2="0">
    <subfield code="a">Partija "Sojuz 17 oktjabrja"</subfield>
    <subfield code="n">Band 1</subfield>
    <subfield code="p">1905-1907 gg.</subfield>
  </datafield>
  <datafield tag="264" ind1=" " ind2=" ">
    <subfield code="a">Moskva :</subfield>
    <subfield code="b">ROSSPEN,</subfield>
    <subfield code="c">1996-2000</subfield>
  </datafield>
  <datafield tag="300" ind1=" " ind2=" ">
    <subfield code="a">407 S.</subfield>
  </datafield>
  <datafield tag="246" ind1="1" ind2="2">
    <subfield code="a">Partija "Sojuz 17 oktjabrja" : Protokoly s'ezdov i zasedanij CK ;. 1905-1907 gg.</subfield>
    <subfield code="n">Band 1</subfield>
  </datafield>
  <datafield tag="773" ind1="0" ind2="8">
    <subfield code="w">a987687955</subfield>
    <subfield code="q">Band1</subfield>
  </datafield>
  <datafield tag="942" ind1=" " ind2=" ">
    <subfield code="c">MG</subfield>
  </datafield>
  <datafield tag="040" ind1=" " ind2=" ">
    <subfield code="c">RU-10907106</subfield>
  </datafield>
  <controlfield tag="003">RU-10907106</controlfield>
  <datafield tag="999" ind1=" " ind2=" ">
    <subfield code="c">27433</subfield>
    <subfield code="d">27433</subfield>
  </datafield>
  <datafield tag="952" ind1=" " ind2=" ">
    <subfield code="0">0</subfield>
    <subfield code="1">0</subfield>
    <subfield code="2">z</subfield>
    <subfield code="4">0</subfield>
    <subfield code="7">0</subfield>
    <subfield code="a">DHIM</subfield>
    <subfield code="b">DHIM</subfield>
    <subfield code="c">GEN-2</subfield>
    <subfield code="d">2017-07-21</subfield>
    <subfield code="i">17-03393 Ersatz&#xDF;</subfield>
    <subfield code="o">R 55 ej Pav 1 (1)</subfield>
    <subfield code="p">E00401509E336BA8</subfield>
    <subfield code="r">2021-02-23 00:00:00</subfield>
    <subfield code="w">2021-03-22</subfield>
    <subfield code="y">MG</subfield>
  </datafield>
</record>
